000
00319cam a2200133ua 4500
082
_a
631.913
_b
MOH/TR
100
_a
Mohr, E C J .
_9
1530
245
_a
Topical Soils /
250
_a
1 /
260
_a
London :
_b
Interscience Publishers ,
_c
1954.
300
_a
498 ; .
700
1
_a
VanBaren, F A .
_9
1531
942
_c
BK
999
_c
7310
_d
7310